A guide to the project management body of knowledge (PMBOK GUIDE) (Record no. 3289)

MARC details
005 - DATE AND TIME OF LATEST TRANSACTION
control field 20250606093241.0
020 ## - INTERNATIONAL STANDARD BOOK NUMBER
International Standard Book Number 978-1-935589-67-9
082 ## - DEWEY DECIMAL CLASSIFICATION NUMBER
Classification number LECT 658.4094 PRO
111 ## - MAIN ENTRY--MEETING NAME
Meeting name or jurisdiction name as entry element PMI Book Service center (PMBOK GUIDE)
245 ## - TITLE STATEMENT
Title A guide to the project management body of knowledge (PMBOK GUIDE)
250 ## - EDITION STATEMENT
Edition statement 5th Ed.
260 ## - PUBLICATION, DISTRIBUTION, ETC.
Place of publication, distribution, etc. Pennsylvania,
Name of publisher, distributor, etc. Project management Institute,
Date of publication, distribution, etc. 2013.
300 ## - PHYSICAL DESCRIPTION
Extent xxi, 589p.: ill.; figure, table.
Other physical details Glossary, index,
Dimensions 27cm.
942 ## - ADDED ENTRY ELEMENTS (KOHA)
Source of classification or shelving scheme Dewey Decimal Classification
Koha item type Books
Holdings
Date last seen Total checkouts Full call number Barcode Cost, replacement price Price effective from Koha item type Lost status Source of classification or shelving scheme Damaged status Not for loan Withdrawn status Home library Current library Shelving location Date acquired Cost, normal purchase price
06/06/2025   LECT 658.4094 PRO 00000011251 618300.00 06/06/2025 Books   Dewey Decimal Classification       College of Business Education Main Library College of Business Education Main Library General Collection 06/19/2017 206100.00
06/06/2025   LECT 658.4094 PRO 00000011252 618300.00 06/06/2025 Books   Dewey Decimal Classification       College of Business Education Main Library College of Business Education Main Library General Collection 06/19/2017 206100.00
06/06/2025   LECT 658.4094 PRO 00000011253 618300.00 06/06/2025 Books   Dewey Decimal Classification       College of Business Education Main Library College of Business Education Main Library General Collection 06/19/2017 206100.00
06/06/2025   LECT 658.4094 PRO 00000011254 618300.00 06/06/2025 Books   Dewey Decimal Classification       College of Business Education Main Library College of Business Education Main Library General Collection 06/19/2017 206100.00
06/06/2025   LECT 658.4094 PRO 00000011255 618300.00 06/06/2025 Books   Dewey Decimal Classification       College of Business Education Main Library College of Business Education Main Library General Collection 06/19/2017 206100.00